24 Unreliable Movie Characters Quiz Stats

 Plays Quiz Updated Jun 23, 2018

Challenge
Share
Tweet
Score 0/24 Timer 07:00
2 Plays Today
% Correct
The Dark Knight
95.8%
Fight Club
94.2%
The Sixth Sense
89.5%
Black Swan
83.7%
Psycho
81.2%
The Emperor's New Groove
76.4%
Gone Girl
73.9%
Taxi Driver
73.1%
American Psycho
72.9%
The Usual Suspects
68.8%
Eternal Sunshine of the Spotless Mind
66.6%
Memento
63.3%
% Correct
A Beautiful Mind
61.1%
Shutter Island
60.8%
Rosemary's Baby
53.1%
Room
50.3%
Fear and Loathing in Las Vegas
50%
The Others
47.5%
Election
46.4%
Mulholland Drive
27.5%
Double Indemnity
16.4%
Rashomon
15%
Badlands
7.5%
Frailty
6.4%

You're not logged in!

Compare scores with friends on all Sporcle quizzes.
Join for Free
OR
Log In

You Might Also Like...

Show Comments

Extras

Top Quizzes Today


Score Distribution

Your Account Isn't Verified!

In order to create a playlist on Sporcle, you need to verify the email address you used during registration. Go to your Sporcle Settings to finish the process.

Report this User

Report this user for behavior that violates our Community Guidelines.

Details: